| 000 | 00413nam a2200181Ia 4500 | ||
|---|---|---|---|
| 001 | 10396 | ||
| 005 | 20260306161829.0 | ||
| 008 | 260306t1987||||xx |||||||||||||| ||spa|| | ||
| 041 | _aESP | ||
| 082 |
_a923.1 _bL23 |
||
| 100 |
_aLaot, Francoise _eAUT |
||
| 245 | 0 | _aJuan Carlos y Sofía | |
| 260 | _c1987 | ||
| 300 |
_a294 páginas : _c23 cm. |
||
| 650 | _aGEN | ||
| 654 | _aCHU | ||
| 942 |
_cLIB _dJUS _fJUS _2ddc _n |
||
| 999 |
_c10396 _d10396 |
||